| 000 | 00558nam a22002057a 4500 | ||
|---|---|---|---|
| 003 | OSt | ||
| 005 | 20220107122723.0 | ||
| 008 | 130828b xxu||||| |||| 00| 0 eng d | ||
| 020 | _a9780749467128 | ||
| 040 | _cIIITM-K | ||
| 082 | _a658.802 WES/H | ||
| 100 |
_aWestwood, John _92331 |
||
| 245 |
_aHow to write a marketing plan: _bCreating success _cby John Westwood |
||
| 260 |
_aUK, _bKogan Page, _c2013. |
||
| 300 | _ax, 172p. | ||
| 650 |
_aMANAGEMENT _92332 |
||
| 650 |
_aMARKETING MANAGEMENT _92336 |
||
| 650 |
_aMARKETING PLAN _92338 |
||
| 942 |
_2ddc _cBK |
||
| 999 |
_c3370 _d3370 |
||